Αρχαίος ελληνικός αθλητισμός : ιδεώδες και πραγματικότητα
Saved in:
| Other Authors: | |
|---|---|
| Format: | Book |
| Language: | Greek |
| Published: |
Αθήνα :
Εξάντας,
1995.
|
| Series: | Αρχαίοι συγγραφείς (Εξάντας)
; 8 |
| Subjects: | |
| Tags: |
Add Tag
No Tags, Be the first to tag this record!
|
MARC
| LEADER | 00000cam a2200000 i 4500 | ||
|---|---|---|---|
| 001 | 1/71284 | ||
| 008 | 990303s1995 gr | ||| |||| ||gre|| | ||
| 020 | |a 9602562501 | ||
| 035 | |l 10048284 | ||
| 040 | |a GR-MY-UA |b gre |e aacr | ||
| 041 | 0 | |a gre | |
| 082 | 7 | |a 796.09495 |2 (22) | |
| 245 | 0 | 0 | |a Αρχαίος ελληνικός αθλητισμός : |b ιδεώδες και πραγματικότητα / |c μετάφραση: Χρήστος Σταμπουλής. |
| 260 | |a Αθήνα : |b Εξάντας, |c 1995. | ||
| 300 | |a 457 σ. ; |c 21 εκ. | ||
| 490 | 1 | |a (Αρχαίοι συγγραφείς / Εξάντας ; |v 8) | |
| 650 | 0 | 0 | |a Sports |z Greece |x History. |
| 650 | 0 | 0 | |a Olympics |x History. |
| 700 | 1 | |a Σταμπουλής, Χρήστος, |e trl | |
| 830 | 0 | |a Αρχαίοι συγγραφείς (Εξάντας) |v ; 8 | |
| 852 | |a INST |b RHODES |e 19990303 |h 796.09495 ΑΡΧ |p 005400010833 |q 005400010833 |t BK |y 0 | ||
| 901 | |a BIBL-1999-1 | ||
| 909 | |a Ρ |b 051853 | ||
| 922 | |a 4ΕΛΗ |b 199711 |c ΦΙΟΡΑΒΑΝΤΕΣ |d EMVASIS | ||
| 970 | |z 2000/07 | ||